জিহাদ ও সন্ত্রাসবাদ : (Record no. 14753)
[ view plain ]
| 000 -LEADER | |
|---|---|
| fixed length control field | 01503nam a2200277 4500 |
| 001 - CONTROL NUMBER | |
| RUCL Control Number | 14753 |
| 003 - CONTROL NUMBER IDENTIFIER | |
| rucl marc code | BD-RjUL |
| 005 - DATE AND TIME OF LATEST TRANSACTION | |
| control field | 20220110153917.0 |
| 008 - FIXED-LENGTH DATA ELEMENTS--GENERAL INFORMATION | |
| fixed length control field | 140208s2012 bg ||||| mb|| 00| 0 ben d |
| 035 ## - SYSTEM CONTROL NUMBER | |
| system control number | (BD-RjUL)14753 |
| 040 ## - CATALOGING SOURCE | |
| Original cataloging agency | BD-RjUL |
| Language of cataloging | ben |
| Transcribing agency | BD-RjUL |
| Modifying agency | BD-RjUL |
| 041 ## - LANGUAGE CODE | |
| Language code of Book | ben |
| 082 ## - DEWEY DECIMAL CLASSIFICATION NUMBER | |
| DDC Edition number | 21 |
| Classification number | 297.72 |
| Author mark and Year | ISJ 2012 |
| 100 ## - MAIN ENTRY--PERSONAL NAME | |
| Personal name | ইসলাম, মোঃ মুনিরুল |
| 9 (RLIN) | 45964 |
| 245 ## - TITLE STATEMENT | |
| Title | জিহাদ ও সন্ত্রাসবাদ : |
| Remainder of title | একটি পর্যালোচনা / |
| Statement of responsibility, etc | মোঃ মুনিরুল ইসলাম ; |
| Name of Supervisor/Co-Supervisor | সুভারভাইজার : শেখ মোঃ তৈয়বুর রহমান |
| 260 ## - PUBLICATION, DISTRIBUTION, ETC. (IMPRINT) | |
| Place of publication, distribution, etc | রাজশাহী : |
| Name of publisher, distributor, etc | ইসলামিক স্টাডিজ বিভাগ, রাজশাহী বিশ্ববিদ্যালয় , |
| Date of publication, distribution, etc | ২০১২ |
| 300 ## - PHYSICAL DESCRIPTION | |
| Pagination | xv, ৩৮৩ পাতা ; |
| Dimensions | ৩০ সেমি. |
| 502 ## - DISSERTATION NOTE | |
| Dissertation note | থিসিস (পিএইচ. ডি.) --ইসলামিক স্টাডিজ বিভাগ, রাজশাহী বিশ্ববিদ্যালয়, ২০১২. |
| 504 ## - BIBLIOGRAPHY, ETC. NOTE | |
| Bibliography, etc | বিবলিওগ্রাফী : পাতা ৩৬৩-৩৮৩। |
| 650 ## - SUBJECT ADDED ENTRY--TOPICAL TERM | |
| Topical term or geographic name as entry element | জিহাদ |
| 9 (RLIN) | 45972 |
| Topical term or geographic name as entry element | Jihad |
| 9 (RLIN) | 119787 |
| Topical term or geographic name as entry element | সন্ত্রাসবাদ |
| 9 (RLIN) | 46993 |
| Topical term or geographic name as entry element | Terrorism |
| 9 (RLIN) | 119786 |
| 700 ## - ADDED ENTRY--SUPERVISOR/CO-SUPERVISOR NAME | |
| Personal name | রহমান, শেখ মোঃ তৈয়বুর, সুভারভাইজার |
| 9 (RLIN) | 637 |
| 942 ## - ADDED ENTRY ELEMENTS (KOHA) | |
| Source of classification or shelving scheme | Dewey Decimal Classification |
| Koha item type | Theses |
| Source of classification or shelving scheme | Damaged status | Not for loan | Collection code | Permanent Location | Current Location | Shelving location | Date of accession | Source of acquisition | Cost, normal purchase price | Full call number | Barcode | Date last seen | Copy number | Thesis |
|---|---|---|---|---|---|---|---|---|---|---|---|---|---|---|
| Dewey Decimal Classification | Not For Loan | Theses | Central Library, University of Rajshahi | Central Library, University of Rajshahi | Documentation Section | 28/10/2013 | Controller of Examination Office, University of Rajshahi, Rajshahi. | 0.00 | BTHE 297.72 ISJ 2012 | D3580 | 08/02/2014 | C-1 | Theses |